The Bilingual review La Revista bilingüe.
| Corporate Authors: | , , |
|---|---|
| Format: | Electronic Journal |
| Language: | English Spanish |
| Published: |
New York :
Bilingual Review / La Revista Bilingüe,
©1973-
Tempe, Ariz. : Bilingual Press / Editorial Bilingüe |
| Subjects: | |
| Online Access: | Full text available from PRISMA Database with HAPI Index: 01/01/1999 to 12/31/2004 Full text available from PRISMA Database with HAPI Index: 01/01/2008 to 12/31/2008 Full text available from PRISMA Database with HAPI Index: 01/01/2010 to 12/31/2010 Full text available from PRISMA Database with HAPI Index: 01/01/2012 to 09/30/2012 |
MARC
| LEADER | 00000nas a22000007a 4500 | ||
|---|---|---|---|
| 001 | ssj0000329 | ||
| 003 | WaSeSS | ||
| 005 | 20200512172242.0 | ||
| 006 | m d | ||
| 007 | cr n | ||
| 008 | 050614c19749999azutr p s o 0 a0eng | ||
| 010 | |a 2013219210 |z sn 83010577 | ||
| 016 | 7 | |a 2067392-9 |2 DE-600 | |
| 022 | |a 2327-624X |y 0094-5366 | ||
| 035 | |a (WaSeSS)ssj0000329 | ||
| 040 | |a OCLCS |b eng |c OCLCS |d OCLCQ |d OCLCE |d EYM |d NUI |d OCLCQ |d OCLCA |d DLC |d OCLCO |d DLC |d OCLCQ |d OCLCA |d DLC |d OCLCO |d OCLCF |d OCLCO |d DLC |d OCLCQ |d AU@ |d VT2 |d WaSeSS | ||
| 041 | 0 | |a eng |a spa | |
| 042 | |a pcc |a nsdp | ||
| 043 | |a n-us--- | ||
| 050 | 1 | 4 | |a P115 |
| 082 | 0 | 0 | |a 401 |2 23 |
| 130 | 0 | |a Bilingual review (New York, N.Y.) | |
| 222 | 4 | |a The Bilingual review |b (Online) | |
| 245 | 1 | 4 | |a The Bilingual review |h [electronic resource] : |b La Revista bilingüe. |
| 246 | 3 | 1 | |a Revista bilingüe |
| 260 | |3 1974-Jan.-Apr. 2008/2009 : |a New York : |b Bilingual Review / La Revista Bilingüe, |c ©1973- | ||
| 260 | 3 | |3 May-Dec. 2008/2009- : |a Tempe, Ariz. : |b Bilingual Press / Editorial Bilingüe | |
| 310 | |a Three issues yearly | ||
| 362 | 1 | |a Began with v. 1, no. 1 (Jan./Apr. 1974). | |
| 506 | |a License restrictions may limit access. | ||
| 538 | |a Mode of access: World Wide Web. | ||
| 546 | |a Text in English and Spanish. | ||
| 550 | |a Vols. for 1974 issued by Dept. of Romance Languages, City College of New York (1975- with the Dept. of Foreign Languages, York College, CUNY); Hispanic Research Center, Arizona State University, <1995-> | ||
| 588 | |a Description based on: Vol. 1, no. 1 (Jan./April 1974); title from PDF cover (JSTOR, viewed June 15, 2012). | ||
| 588 | |a Latest issue consulted: Vol. XXIX, nos. 2 & 3 (May-December, 2008-2009) (JSTOR, viewed June 15, 2012). | ||
| 650 | 0 | |a Education, Bilingual |v Periodicals. | |
| 650 | 0 | |a Spanish language |z United States |v Periodicals. | |
| 650 | 0 | |a Hispanic Americans |x Education |v Periodicals. | |
| 650 | 7 | |a Education, Bilingual. |2 fast |0 (OCoLC)fst00902886 | |
| 650 | 7 | |a Hispanic Americans |x Education. |2 fast |0 (OCoLC)fst00957546 | |
| 650 | 7 | |a Spanish language. |2 fast |0 (OCoLC)fst01128292 | |
| 651 | 7 | |a United States. |2 fast |0 (OCoLC)fst01204155 | |
| 655 | 0 | |a Electronic journals. | |
| 710 | 2 | |a City University of New York. |b City College. |b Department of Romance Languages. | |
| 710 | 2 | |a York College (New York, N.Y.). |b Department of Foreign Languages. | |
| 710 | 2 | |a Arizona State University. |b Hispanic Research Center. | |
| 776 | 0 | 8 | |i Print version: |t Bilingual review |x 0094-5366 |w (DLC) 74645066 |w (OCoLC)1084374 |
| 856 | 4 | 0 | |z Full text available from PRISMA Database with HAPI Index: 01/01/1999 to 12/31/2004 |u https://search.proquest.com/publication/7511 |
| 856 | 4 | 0 | |z Full text available from PRISMA Database with HAPI Index: 01/01/2008 to 12/31/2008 |u https://search.proquest.com/publication/7511 |
| 856 | 4 | 0 | |z Full text available from PRISMA Database with HAPI Index: 01/01/2010 to 12/31/2010 |u https://search.proquest.com/publication/7511 |
| 856 | 4 | 0 | |z Full text available from PRISMA Database with HAPI Index: 01/01/2012 to 09/30/2012 |u https://search.proquest.com/publication/7511 |